Länder westlich von Deutschland - Statistiken

Allgemein
  • Dieses Quiz wurde 57 mal gespielt
  • Das Durchschnittsergebnis liegt bei 44 aus 54
Antwortstatistiken
Kontinent Land % Korrekt
Europa Irland
98%
Europa Spanien
98%
Afrika Marokko
96%
Afrika Mauretanien
96%
Europa Portugal
96%
Europa Vereinigtes Königreich
94%
Europa Andorra
92%
Europa Island
92%
Nord-/ u. Südamerika Kanada
88%
Nord-/ u. Südamerika Mexiko
88%
Nord-/ u. Südamerika USA
88%
Nord-/ u. Südamerika Argentinien
86%
Nord-/ u. Südamerika Brasilien
86%
Afrika Senegal
86%
Nord-/ u. Südamerika Dominikanische Republik
84%
Afrika Gambia
84%
Afrika Guinea
84%
Nord-/ u. Südamerika Haiti
84%
Nord-/ u. Südamerika Kolumbien
84%
Nord-/ u. Südamerika Peru
84%
Nord-/ u. Südamerika Uruguay
84%
Nord-/ u. Südamerika Chile
82%
Nord-/ u. Südamerika El Salvador
82%
Afrika Mali
82%
Nord-/ u. Südamerika Paraguay
82%
Nord-/ u. Südamerika Bahamas
80%
Nord-/ u. Südamerika Bolivien
80%
Nord-/ u. Südamerika Ecuador
80%
Afrika Elfenbeinküste
80%
Afrika Ghana
80%
Nord-/ u. Südamerika Guyana
80%
Nord-/ u. Südamerika Jamaika
80%
Nord-/ u. Südamerika Kuba
80%
Nord-/ u. Südamerika Panama
80%
Nord-/ u. Südamerika Suriname
80%
Nord-/ u. Südamerika Venezuela
80%
Nord-/ u. Südamerika Barbados
78%
Afrika Guinea-Bissau
78%
Nord-/ u. Südamerika Antigua und Barbuda
76%
Nord-/ u. Südamerika Belize
76%
Nord-/ u. Südamerika Honduras
76%
Afrika Sierra Leone
76%
Nord-/ u. Südamerika St. Lucia
76%
Nord-/ u. Südamerika Costa Rica
75%
Nord-/ u. Südamerika Dominica
75%
Nord-/ u. Südamerika Guatemala
75%
Nord-/ u. Südamerika Nicaragua
75%
Nord-/ u. Südamerika St. Vincent und die Grenadinen
75%
Afrika Togo
75%
Nord-/ u. Südamerika Trinidad und Tobago
73%
Nord-/ u. Südamerika St. Kitts und Nevis
71%
Afrika Burkina Faso
69%
Nord-/ u. Südamerika Grenada
69%
Afrika Liberia
67%
Keine übereinstimmenden Quizze gefunden
Verteilung der Resultate
Anzahl Personen mit jedem Resultat
Perzentil nach korrekt beantworteten Fragen
Ihre Resultats-Entwicklung
Sie haben dieses Quiz noch nicht gespielt